UBT Library

YOUR BOOK SPORTS MEDICINE (Record no. 5123)

000 -LEADER
fixed length control field 00289nam a22001337a 4500
008 - FIXED-LENGTH DATA ELEMENTS--GENERAL INFORMATION
fixed length control field 170210b xxu||||| |||| 00| 0 eng d
020 ## - INTERNATIONAL STANDARD BOOK NUMBER
International Standard Book Number 9780323088947
041 ## - LANGUAGE CODE
Language code of text/sound track or separate title eng
080 ## - UNIVERSAL DECIMAL CLASSIFICATION NUMBER
Universal Decimal Classification number 61
100 ## - Rafti
Rafti 4
101 ## - Shkurtesa
Shkurtesa shm
245 ## - TITLE STATEMENT
Title YOUR BOOK SPORTS MEDICINE
Statement of responsibility, etc SHEPHARD
942 ## - ADDED ENTRY ELEMENTS (KOHA)
Source of classification or shelving scheme
Item type Books
Holdings
Withdrawn status Lost status Source of classification or shelving scheme Damaged status Not for loan Collection code Permanent location Current location Shelving location Date acquired Total Checkouts Full call number Barcode Date last seen Price effective from Koha item type Source of acquisition
          Koleksioni i përgjithshem UBT - Lipjan UBT - Lipjan Koleksioni i lëndeve mesimore 02/10/2017   61 SHEP 002-038373 02/10/2017 02/10/2017 Books  
          Koleksioni i përgjithshem UBT - Lipjan UBT - Lipjan Koleksioni i lëndeve mesimore 02/10/2017   61 SHEP 002-038371 02/10/2017 02/10/2017 Books  
          Koleksioni i përgjithshem UBT - Lipjan UBT - Lipjan Koleksioni i lëndeve mesimore 02/10/2017   61 SHEP   02/10/2017 02/10/2017 Books 002-038378
          Koleksioni i përgjithshem UBT - Lipjan UBT - Lipjan Koleksioni i lëndeve mesimore 02/10/2017   61 SHEP 002-038372 02/10/2017 02/10/2017 Books 002-038378
          Koleksioni i përgjithshem UBT - Lipjan UBT - Lipjan Koleksioni i lëndeve mesimore 02/10/2017   61 SHEP 002-038346 02/10/2017 02/10/2017 Books 002-038378
          Koleksioni i përgjithshem UBT - Lipjan UBT - Lipjan Koleksioni i lëndeve mesimore 02/10/2017   61 SHEP   02/10/2017 02/10/2017 Books 002-038378
UBT Library © 2015-2024. All rights reserved University Education for Business and Technology